Acrobat 7 : podrobně a prakticky

Na minha lista:
Detalhes bibliográficos
Autor principal: Bříza, Vladimír (Author)
Formato: Livro
Idioma:tcheco
Publicado em: Praha : Grada Publishing, 2006
Assuntos:
Tags: Adicionar Tag
Sem tags, seja o primeiro a adicionar uma tag!

MARC

LEADER 00000nam a22000003a 4500
001 stu146303
005 20190206132438.8
008 071005s2006----xr------------------cze-d
020 |a 80-247-1938-X 
040 |a STU  |b slo 
041 0 |a cze 
044 |a xr 
080 |a 004.42 
100 1 |a Bříza, Vladimír  |4 aut 
245 1 |a Acrobat 7 :  |b podrobně a prakticky 
260 |a Praha :  |b Grada Publishing,  |c 2006 
300 |a 123 s 
650 7 |a Adobe Acrobat  |2 stusub 
650 7 |a programovanie  |2 stusub 
996 |b 284EK86942  |c E*86942  |l EE01  |s A  |a 24  |w stu146303_0001